| 000 | 01692nam0a22003131 4500 | ||
|---|---|---|---|
| 001 | rc\3666191 | ||
| 005 | 20260407081237.0 | ||
| 021 |
_aRU _b[73-24213] |
||
| 035 | _a(NLR Aleph) 007839743 | ||
| 090 |
_a9796416 _c9796416 |
||
| 100 | _a20130115d19721973|||y0rusy50 ca | ||
| 101 | 0 | _arus | |
| 102 | _aRU | ||
| 105 | _aa z ||||| | ||
| 200 | 1 |
_aКурортное лечение подростков _e(Сборник метод. рекомендаций) _fПод общ. ред. д-ра мед. наук Е.А. Каменского и доц. М.З. Хайкина _gМ-во здравоохранения РСФСР. Гл. упр. науч.-исслед. ин-тов и координации науч. исследований. Пятигор. науч.-исслед. ин-т курортологии и физиотерапии |
|
| 210 |
_aПятигорск _cБ. и. _d1972 [вып. дан. 1973] |
||
| 215 |
_a95 с., 1 л. схем. _d20 |
||
| 606 |
_aКурортотерапия _jСборники _2psbo |
||
| 606 |
_aСанаторно-курортная помощь детям и подросткам _jСборники _2psbo |
||
| 606 |
_aПодростки _xЗдоровье и гигиена _jСборники _2psbo |
||
| 702 | 1 |
_aХайкин _bМ.З. _4340 |
|
| 702 | 1 |
_4340 _7ca _8rus _aСмирнов-Каменский _bЕ. А. _f1905-1994 _gЕвгений Арсеньевич _9252242 _3RU\NLR\AUTH\770252298 |
|
| 712 | 0 | 2 |
_aПятигорский НИИ курортологии и физиотерапии _3RU\NLR\AUTH\886946 _9285871 |
| 801 | 0 |
_aRU _bNLR _gpsbo |
|
| 801 | 1 |
_aRU _bELAR _2rusmarc |
|
| 852 |
_aNLR _j73-4/7672 |
||
| 942 | _cBOOK | ||
| 980 | _aNB | ||